000 00586nam a2200241 a 4500
001 nice12345678
003 IN_TiNIC
005 20260116011427.0
008 050524s1937 laha grp 000 0 eng
020 _a
_c100
082 0 0 _a239
_bWAR
100 _aWaris, F D
245 _aKAMIL Shariyat.
260 _aLahore
_bPunjab Religious Booksociety
_c1937
300 _a22p
500 _aincludes index and biblioraphy
505 2 _a12 Volumes in Bounded in Six Volumes
650 _aApologetics
700 1 _aWaris, F D
902 _bSRS
942 _cBK
999 _c1429
_d1429